Heating and cooling of buildings : (Record no. 18456)
[ view plain ]
| 000 -LEADER | |
|---|---|
| fixed length control field | 01416cam a2200349 a 4500 |
| 001 - CONTROL NUMBER | |
| control field | 15954420 |
| 005 - DATE AND TIME OF LATEST TRANSACTION | |
| control field | 20141015124335.0 |
| 006 - FIXED-LENGTH DATA ELEMENTS--ADDITIONAL MATERIAL CHARACTERISTICS--GENERAL INFORMATION | |
| fixed length control field | m||||f ||z 00| 0 |
| 008 - FIXED-LENGTH DATA ELEMENTS--GENERAL INFORMATION | |
| fixed length control field | 091021t2010 xxua frb 001 0 eng d |
| 020 ## - INTERNATIONAL STANDARD BOOK NUMBER | |
| International Standard Book Number | 9781439811511 (hardcover : alk. paper) |
| 020 ## - INTERNATIONAL STANDARD BOOK NUMBER | |
| International Standard Book Number | 1439811512 (hardcover : alk. paper) |
| 040 ## - CATALOGING SOURCE | |
| Original cataloging agency | DLC |
| Transcribing agency | DLC |
| Modifying agency | BTCTA |
| -- | YDXCP |
| -- | UKM |
| -- | C#P |
| -- | BWX |
| -- | IXA |
| -- | DLC |
| -- | EG-ScBUE |
| 082 00 - DEWEY DECIMAL CLASSIFICATION NUMBER | |
| Classification number | 697 |
| Edition number | 22 |
| Item number | KRE |
| 100 1# - MAIN ENTRY--PERSONAL NAME | |
| Personal name | Kreider, Jan F., |
| Dates associated with a name | 1942- |
| 9 (RLIN) | 17790 |
| 245 10 - TITLE STATEMENT | |
| Title | Heating and cooling of buildings : |
| Remainder of title | design for efficiency / |
| Statement of responsibility, etc | Jan F. Kreider, Peter S. Curtiss, Ari Rabl. |
| 250 ## - EDITION STATEMENT | |
| Edition statement | 2nd ed., |
| Remainder of edition statement | revised. |
| 260 ## - PUBLICATION, DISTRIBUTION, ETC. (IMPRINT) | |
| Place of publication, distribution, etc | Boca Raton, United States : |
| Name of publisher, distributor, etc | CRC Press / Taylor & Francis, |
| Date of publication, distribution, etc | c.2010. |
| 300 ## - PHYSICAL DESCRIPTION | |
| Extent | xix, 843 p. : |
| Other physical details | ill. ; |
| Dimensions | 27 cm. + |
| Accompanying material | CD-ROM (4 3/4 in.) |
| 490 1# - Series Statement | |
| Series statement | Mechanical engineering series |
| 500 ## - GENERAL NOTE | |
| General note | Includes appendixes. |
| 500 ## - GENERAL NOTE | |
| General note | Index : p. 831-843. |
| 504 ## - BIBLIOGRAPHY, ETC. NOTE | |
| Bibliography, etc | Includes bibliographical references. |
| 650 #0 - SUBJECT ADDED ENTRY--TOPICAL TERM | |
| Topical term or geographic name as entry element | Heating |
| General subdivision | Equipment and supplies |
| -- | Design and construction |
| 9 (RLIN) | 36218 |
| 650 #0 - SUBJECT ADDED ENTRY--TOPICAL TERM | |
| Topical term or geographic name as entry element | Ventilation |
| General subdivision | Equipment and supplies |
| -- | Design and construction |
| 9 (RLIN) | 36219 |
| 650 #0 - SUBJECT ADDED ENTRY--TOPICAL TERM | |
| Topical term or geographic name as entry element | Air conditioning |
| General subdivision | Equipment and supplies |
| -- | Design and construction |
| 9 (RLIN) | 36220 |
| 653 ## - INDEX TERM--UNCONTROLLED | |
| Resource For college | Engineering, Mechanical |
| Arrived date list | October2014 |
| 655 ## - INDEX TERM--GENRE/FORM | |
| Form subdivision | |
| -- | 34232 |
| 700 1# - ADDED ENTRY--PERSONAL NAME | |
| Personal name | Curtiss, Peter |
| 9 (RLIN) | 36221 |
| 700 1# - ADDED ENTRY--PERSONAL NAME | |
| Personal name | Rabl, Ari |
| 9 (RLIN) | 29731 |
| 830 #0 - SERIES ADDED ENTRY--UNIFORM TITLE | |
| Uniform title | Mechanical engineering series (Boca Raton, Fla.) |
| 942 ## - ADDED ENTRY ELEMENTS (KOHA) | |
| Source of classification or shelving scheme | Dewey Decimal Classification |
| Call number prefix | 697 KRE |
| Withdrawn status | Item status | Source of classification or shelving scheme | Damaged status | Not for loan | Vendor | Home library | Current library | Shelving location | Date acquired | Source of acquisition | Cost, normal purchase price | Total Checkouts | Total Renewals | Full call number | Barcode | Date last seen | Date last borrowed | Cost, replacement price | Koha item type |
|---|---|---|---|---|---|---|---|---|---|---|---|---|---|---|---|---|---|---|---|
| Dewey Decimal Classification | Baccah | Central Library | Central Library | First floor | 15/10/2014 | 280.00 | 1 | 1 | 697 KRE | 000036673 | 15/07/2025 | 20/11/2014 | 350.00 | Book - Borrowing | |||||
| Dewey Decimal Classification | Baccah | Central Library | Central Library | First floor | 15/10/2014 | 280.00 | 1 | 697 KRE | 000036674 | 15/07/2025 | 20/11/2014 | 350.00 | Book - Borrowing | ||||||
| Dewey Decimal Classification | Baccah | Central Library | Central Library | First floor | 15/10/2014 | 280.00 | 697 KRE | 000036675 | 24/08/2022 | 350.00 | CD | DVD - With book | ||||||||
| Dewey Decimal Classification | Baccah | Central Library | Central Library | First floor | 15/10/2014 | 280.00 | 697 KRE | 000036676 | 24/08/2022 | 350.00 | CD | DVD - With book |